000 00771nam a2200205Ia 4500
003 OSt
005 20250714124649.0
008 210210b2003 xxu||||| |||| 00| 0 eng d
040 _cAL
041 _aKannada
082 _aK894.8 SAMA
100 _aSAMAGRA DASA SAHITYA.
_9151244
_dಸಮಗ್ರ ದಾಸ ಸಾಹಿತ್ಯ
245 _aSamagra dasa sahitya: samputa; 7, Galagali avvanavara kirtanegalu.
_bಸಮಗ್ರ ದಾಸ ಸಾಹಿತ್ಯ : ಸಂಪುಟ ೬, ಗಲಗಲಿ ಅವ್ವನವರ ಕೀರ್ತನೆಗಳು
260 _aBengaluru
_bKannada mattu Samskrati Nirdeshanalalya
_c2003
300 _a44,360
650 _aDasasahitya
_9151245
690 _aKannada Miscellaneous
_9151246
906 _a059373
942 _2ddc
_cBK
999 _c106505
_d106505